000 00407nmm a2200145Ia 4500
008 251105s9999||||xx |||||||||||||||||und||
041 _aspa
100 _aBenedetti, Mario
245 0 _aEsta mañana
264 _a[Santiago de Chile, Chile] :
_bPatagonia,
_c2014
300 _a16 páginas
650 _aLatin American narrative
856 _uhttps://public.digitaliapublishing.com/a/38480
942 _cCF
999 _c105250
_d105250